000 00349nam a2200157Ia 4500
003 OSt
005 20240216164953.0
008 170524s9999 xx 000 0 und d
020 _a978-8177585414
040 _cIIMT UNIVERSITY MEERUT
100 _aFinar I L
245 0 _aOrganic Chemistry
260 _bPerson
260 _c2007
942 _2ddc
_c02
999 _c4642
_d4642